Statistics for Marvel Cinematic Universe A-Z

Click here to take the quiz!

General Stats

  • This quiz has been taken 243 times
  • The average score is 16 of 26

Answer Stats

ClueLetterAnswer% Correct
Stars and Stripes ManCCaptain America
90%
Alter-ego: Sam WilsonFFalcon
90%
Ex-Russian AssassinBBlack Widow
89%
Humanoid TreeGGroot
89%
Spiderman's Alter-egoPPeter Parker
89%
Before VisionJJARVIS
87%
Gamora's Adopted SisterNNebula
87%
Black Panther's home countryWWakanda
85%
Mad Titan, sits in a floating chair a lot.TThanos
84%
Dead TwinQQuicksilver
80%
Surviving TwinSScarlet Witch
79%
The most powerful metal in the world (kinetic energy absorbant)VVibranium
79%
Gold Titainium Alloy. Almost dies of palladium in the chestIIron Man
71%
There are no strings on meUUltron
68%
Home of the Nova CorpsXXandar
60%
One of the Infinity StonesAAether
57%
Mr. UdandaYYondu
53%
Completly LiteralDDrax
47%
Flying BaseHHelicarrier
47%
The severed head of an ancient celestial beingKKnowhere
39%
Connects the Bifrost to AsguardRRainbow Bridge
38%
What contains the Power StoneOThe Orb
24%
I'm here on ______. Ain't no orb, ain't no you.MMorag
17%
What the simple name for Sky's powers isEEarthquake
14%
Main VIllain of Civil WarZZeemo
13%
Cheif Souza's CityLLos Angeles
8%

Score Distribution

Percentile by Number Answered

Percent of People with Each Score

Your Score History

You have not taken this quiz